00346nam a2200133Ia 4500008004100000041001200041082001800053100001800071245004400089250001200133260002700145300001200172650002800184231217s9999 xx 000 0 und d aEnglish a621.3981 SPA aSpasov, Peter 0aMicrocontroller technology: The 68HC1 1 a2nd ed. c1996bPH, Int,N Jersey axiv+722 aMicrocontroller 68HC1 1